100 best female footballers 2021 - Statistics

General Stats
  • This quiz has been taken 129 times
  • The average score is 24 of 100
Answer Stats
Players Name Club % Correct
Sam Kerr Chelsea
83%
Alexia Putellas Barcelona
79%
Beth Mead Arsenal
71%
Lucy Bronze Manchester City
70%
Vivianne Miedema Arsenal
63%
Leah Williamson Arsenal
62%
Millie Bright Chelsea
61%
Aitana Bonmati Barcelona
60%
Mapi León Barcelona
55%
Wendie Renard Lyon
46%
Chloe Kelly Manchester City
45%
Lauren Hemp Manchester City
45%
Daniëlle van de Donk Lyon
44%
Pernille Harder Chelsea
43%
Jenni Hermoso Barcelona
40%
Marta Orlando Pride
40%
Fran Kirby Chelsea
38%
Lena Oberdorf Wolfsburg
38%
Caroline Graham Hansen Barcelona
36%
Rachel Daly Houston Dash
36%
Ellen White Manchester City
35%
Katie McCabe Arsenal
35%
Kim Little Arsenal
35%
Lieke Martens Barcelona
35%
Lindsey Horan Portland Thorns
35%
Jill Roord Wolfsburg
32%
Magdalena Eriksson Chelsea
32%
Sam Mewis North Carolina Courage
31%
Ellie Carpenter Lyon
30%
Irene Paredes Barcelona
30%
Fridolina Rolfö Barcelona
29%
Patri Guijarro Barcelona
29%
Stina Blackstenius BK Häcken
29%
Amandine Henry Lyon
27%
Lia Wälti Arsenal
27%
Lina Magull Bayern Munich
27%
Marie-Antoinette Katoto PSG
27%
Tobin Heath Arsenal
27%
Khadija Shaw Manchester City
25%
Christine Sinclair Portland Thorns
24%
Christiane Endler Lyon
23%
Kadidiatou Diani PSG
23%
Asisat Oshoala Barcelona
21%
Ashley Lawrence PSG
20%
Eugéine Le Sommer OL Reign
20%
Mariona Caldentey Barcelona
20%
Rose Lavelle OL Reign
20%
Trinity Rodman Washington Spirit
20%
Ewa Pajor Wolfsburg
19%
Grace Geyoro PSG
19%
Kadeisha Buchanan Lyon
19%
Sakina Karchaoui PSG
19%
Catarina Macario Lyon
18%
Christen Press Angel City
18%
Delphine Cascarino Lyon
18%
Esther González Real Madrid
18%
Mal Pugh Chicago Red Stars
18%
Sandra Panos Barcelona
18%
Ann-Katrin Berger Chelsea
17%
Ji So-yun Chelsea
17%
Lea Schüller Bayern Munich
17%
Caroline Weir Manchester City
15%
Debinha North Carolina Courage
15%
Jess Fishlock OL Reign
15%
Kosovare Asllani Real Madrid
14%
Marina Hegering Bayern Munich
14%
Melvine Malard Lyon
14%
Nikita Parris Arsenal
14%
Saki Kumagai Bayern Munich
14%
Jessie Fleming Chelsea
13%
Lina Dallmann Bayern Munich
13%
Becky Sauerbrunn Portland Thorns
12%
Sydney Lohmann Bayern Munich
12%
Barbara Bonansea Juventus
11%
Carli Lloyd NJ/NY Gotham
10%
Dzsenifer Marozśan OL Reign
10%
Lina Hurtig Juventus
10%
Megan Rapione OL Reign
10%
Caroline Seger Rosengård
8%
Julie Ertz Chicago Red Stars
8%
Marta Torrejón Barcelona
8%
Crystal Dunn Portland Thorns
7%
Deyna Castellanos Atlético Madrid
7%
Kheira Hamraoui PSG
7%
Melanie Leupolz Chelsea
7%
Sandy Baltimore PSG
7%
Sara Därbritz PSG
7%
Amel Majri Lyon
6%
Hedvig Lindahl Atlético Madrid
6%
Paulina Dudek PSG
6%
Barbra Banda Shanghai Shengli
5%
Cristiana Girelli Juventus
5%
Hanna Glas Bayern Munich
5%
Mana Iwabuchi Arsenal
5%
Midge Purce NJ/NY Gotham
5%
Nicole Billa Hoffenheim
5%
Vanessa Gilles Bordeaux
5%
Ashley Hatch Washington Spirit
4%
Sofia Jakobsson Bayern Munich
4%
Stephanie Labbé PSG
4%
No matching quizzes found
Score Distribution
Percent of People with Each Score
Percentile by Number Answered
Your Score History
You have not taken this quiz